000
00285nam a22001337a 4500
008
170614b xxu||||| |||| 00| 0 eng d
020
_a
1558130543
041
_a
eng
080
_a
94(4)
100
_a
15
101
_a
SHH
245
_a
RUSSIA TRANSFORMED
_c
MCKAY.D
942
_2
udc
_c
BK
999
_c
17427
_d
17427